• 首页
  • 本馆介绍
  • 公告通知
  • 最新文献
  • 馆藏检索
  • 电子资源
  • 读者导购
  • 参考咨询
  • 我的图书馆
  • 登录
  • 详细信息显示
  • 放入我的书架
  • 预约/预借图书
  • 作者相关作品
  • 分类相关作品
  • 丛书相关作品
  • 出版社相关作品

书目信息

  • 表格格式
  • 工作单格式
  • 卡片格式
题名:
中国雄师:第四野战军
    
 
作者: 翟唯佳 , 曹宏 编著
分册:  
出版信息: 北京   中共党史出版社  1996
页数: 362页
开本: 20cm
丛书名:
单 册:
中图分类: E297.4
科图分类:
主题词: 第三次国内革命战争--中国人民解放军军史
电子资源:
ISBN: 7-80023-969-1
000 00842nam0 2200253 45
001 0196037023
005 20070726114739.70
010    @a7-80023-969-1@dCNY21.50
100    @a19960809d1996 em y0chiy0121 ea
101 0  @achi
102    @aCN@b110000
105    @ay zg 000zd
200 10 @a中国雄师:第四野战军@AZHONG GUO XIONG SHI : DI SI YE ZHAN JUN@e名将谱·雄师录·征战记@EMING JIANG PU · XIONG SHI LU · ZHENG ZHAN JI@f翟唯佳,曹 宏编著@FZHAI WEI JIA , CAO HONG BIAN ZHU
210    @a北京@c中共党史出版社@d1996
215    @a362页@d20cm
517 1  @a第四野战军@ADI SI YE ZHAN JUN
540 1  @a四野@ASI YE
601 02 @a第四野战军-军队史
606    @a第三次国内革命战争@x中国人民解放军军史
690    @aE297.4@v3
701  0 @a翟唯佳@4编著
701  0 @a曹宏@4编著
801  0 @aCN@bNLC@c20070726
905    @dE297.4@e40:4@f1@b272510
    
    中国雄师:第四野战军:名将谱·雄师录·征战记/翟唯佳,曹 宏编著.-北京:中共党史出版社,1996
    362页;20cm
    
    
    ISBN 7-80023-969-1:CNY21.50
    
●
相关链接 在E读中查询图书 在五车中查询图书 在当当中查询图书 在豆瓣中查询图书


正题名:中国雄师:第四野战军     索取号:E297.4/40:4         预约/预借

序号 登录号 条形码 馆藏地/架位号 状态 备注
1 0272509   001262403   第一样本阅览室/ [索取号:E297.4/40:4] 在馆    
2 0272510   001973779   第一借阅区/ [索取号:E297.4/40:4] 在馆    
3 0272512   001261501   第一借阅区/ [索取号:E297.4/40:4] 在馆    
4 0272513   001261459   第一借阅区/ [索取号:E297.4/40:4] 在馆    
5 0784291   207842913   第一借阅区/ [索取号:E297.4/40:4] 在馆    
唐山师范学院图书馆 欢迎您!
大连网信软件有限公司© 版权所有